Mariano Benlliure : (Record no. 193114)

MARC details
000 -LEADER
campo de control de longitud fija 02651nam a2200493 i 4500
001 - NÚMERO DE CONTROL
campo de control 193114
003 - IDENTIFICADOR DE NÚMERO DE CONTROL
campo de control SpMaBN
005 - FECHA Y HORA DE LA ÚLTIMA TRANSACCIÓN
campo de control 20250806063146.0
007 - CAMPO FIJO DE DESCRIPCIÓN FÍSICA--INFORMACIÓN GENERAL
campo de control de longitud fija ta
008 - DATOS DE LONGITUD FIJA--INFORMACIÓN GENERAL
campo de control de longitud fija 230821s2013 sp a | ||||o001 0 spa
017 ## - NÚMERO DE COPYRIGHT O DE DEPÓSITO LEGAL
Número de copyright o de depósito legal M 8639-2013
Agencia que asigna Oficina Depósito Legal Madrid
020 ## - NÚMERO INTERNACIONAL ESTÁNDAR DEL LIBRO
Número Internacional Estándar del Libro 978-84-451-3458-0
035 ## - NÚMERO DE CONTROL DEL SISTEMA
Número de control de sistema (OCoLC)861592101
035 ## - NÚMERO DE CONTROL DEL SISTEMA
Número de control de sistema a5349985
040 ## - FUENTE DE CATALOGACIÓN
Centro catalogador/agencia de origen SpMaBN
Lengua de catalogación spa
Centro/agencia transcriptor SpMaBN
Normas de descripción rdc
080 ## - NÚMERO DE LA CLASIFICACIÓN DECIMAL UNIVERSAL
Número de la Clasificación Decimal Universal 73 Benlliure, Mariano (083.824)
245 00 - MENCIÓN DEL TÍTULO
Título Mariano Benlliure :
Resto del título el dominio de la materia /
Mención de responsabilidad, etc. [comisariado y documentación, Lucrecia Enseñat Benlliure, Leticia Azcue Brea ; artículos, Leticia Azcue Brea ... et al.]
260 ## - PUBLICACIÓN, DISTRIBUCIÓN, ETC.
Lugar de publicación, distribución, etc. [Madrid] :
Nombre del editor, distribuidor, etc. Dirección General de Patrimonio Histórico de la Comunidad de Madrid ;
Lugar de publicación, distribución, etc. [Valencia] :
Nombre del editor, distribuidor, etc. Consorcio de Museos de la Comunitat Valenciana,
Fecha de publicación, distribución, etc. [2013]
300 ## - DESCRIPCIÓN FÍSICA
Extensión 359 páginas :
Otras características físicas ilustraciones (blanco y negro y color) ;
Dimensiones 28 cm
Material acompañante/anejo
336 ## - TIPO DE CONTENIDO
Término de tipo de contenido Imagen (fija ; bidimensional ; visual)
-- Texto (visual)
Fuente isbdcontent
337 ## - TIPO DE MEDIO
Nombre/término del tipo de medio sin mediación
Fuente isbdmedia
338 ## - TIPO DE SOPORTE
Fuente rdacarrier
Nombre/término del tipo de soporte volumen
500 ## - NOTA GENERAL
Nota general Índices
500 ## - NOTA GENERAL
Nota general Cronología
504 ## - NOTA DE BIBLIOGRAFÍA, ETC.
Nota de bibliografía, etc. Bibliografía: páginas 339-352
520 ## - RESUMEN, ETC.
Sumario, etc. Catálogo de la exposición sobre Mariano Benlliure celebrada en la Real Academia de Bellas Artes de San Fernando. Realizado por especialistas en la obra del escultor, incluye una pormenorizada revisión científica sobre la misma, a través de artículos, ilustraciones y fichas razonadas. Pretende ser una publicación de referencia en la bibliografía del artista
530 ## - NOTA DISPONIBLE DE FORMULARIO FÍSICO ADICIONAL
Nota de formato físico adicional disponible Disponible en formato digital
585 ## - NOTA DE EXPOSICIONES
Nota de exposiciones Exposición: Real Academia de Bellas Artes de San Fernando, Madrid, abril-junio 2013; Centro del Carmen, Valencia, julio-septiembre 2013
600 14 - PUNTO DE ACCESO ADICIONAL DE MATERIA--NOMBRE DE PERSONA
Nombre de persona Benlliure, Mariano,
Fechas asociadas al nombre 1862-1947
Subdivisión de forma Exposiciones
Fuente del encabezamiento o término embne
9 (RLIN) 27715
655 #7 - TERMINO DE INDIZACIÓN--GENERO/FORMA
9 (RLIN) 193628
Datos o término principal de género/forma Catálogos de exposiciones
700 1# - ENTRADA AGREGADA--NOMBRE PERSONAL
Nombre de persona Benlliure, Mariano,
Fechas asociadas al nombre 1862-1947
Término indicativo de función/relación Artista
9 (RLIN) 27715
700 1# - ENTRADA AGREGADA--NOMBRE PERSONAL
Nombre de persona Enseñat Benlliure, Lucrecia
Término indicativo de función/relación Comisario
9 (RLIN) 233966
700 1# - ENTRADA AGREGADA--NOMBRE PERSONAL
Nombre de persona Azcue Brea, Leticia
Término indicativo de función/relación Comisario
9 (RLIN) 24279
710 2# - ENTRADA AGREGADA--NOMBRE DE ENTIDAD CORPORATIVA
Nombre de entidad corporativa o nombre de jurisdicción como elemento de entrada Real Academia de Bellas Artes de San Fernando
Término indicativo de función/relación Sede
9 (RLIN) 6291
710 2# - ENTRADA AGREGADA--NOMBRE DE ENTIDAD CORPORATIVA
Nombre de entidad corporativa o nombre de jurisdicción como elemento de entrada Centro del Carmen (Valencia)
Término indicativo de función/relación Sede
9 (RLIN) 241588
710 1# - ENTRADA AGREGADA--NOMBRE DE ENTIDAD CORPORATIVA
Nombre de entidad corporativa o nombre de jurisdicción como elemento de entrada Madrid (Comunidad Autónoma)
Término indicativo de función/relación Editor
9 (RLIN) 5587
710 2# - ENTRADA AGREGADA--NOMBRE DE ENTIDAD CORPORATIVA
Nombre de entidad corporativa o nombre de jurisdicción como elemento de entrada Consorci de Museus de la Comunitat Valenciana
Término indicativo de función/relación Editor
9 (RLIN) 241589
852 4# - LOCALIZACIÓN
Ubicación ES-MaACL
Sublocalización o colección R.152783
Ubicación en estantería Depósito J
Donativo/Legado Donación Comunidad de Madrid
Número de control de estantería N-8608
itemnumber 200426
856 4# - LOCALIZACIÓN Y ACCESO ELECTRÓNICOS
Identificador Uniforme de Recursos <a href="https://gestiona3.madrid.org/bvirtual/BVCM019041.pdf">https://gestiona3.madrid.org/bvirtual/BVCM019041.pdf</a>
Texto de enlace Versión en línea
Nota pública (PublicaMadrid)
942 ## - ELEMENTOS DE ENTRADA SECUNDARIOS (KOHA)
Tipo de ítem Koha Libro impreso
Suprimir en OPAC No
Holdings
Estatus retirado Estado de pérdida Fuente del sistema de clasificación o colocación Estado de daño No para préstamo Colección Biblioteca de origen Biblioteca actual Ubicación en estantería Fecha de adquisición Fuente de adquisición Total de préstamos Signatura topográfica completa Código de barras Visto por última vez Tipo de ítem Koha
    Clasificación decimal universal     Colección digital Biblioteca del Ateneo de Madrid Biblioteca del Ateneo de Madrid Depósito J 21/08/2023 Donación   N-8608 101205719 21/08/2023 Libro impreso